| 000 | 00714nam a22002417a 4500 | ||
|---|---|---|---|
| 005 | 20151223054728.0 | ||
| 008 | 091230s2011 nyua b 001 0 eng | ||
| 020 | _a0073398128 | ||
| 020 | _a9780073398129 | ||
| 020 | _a9780077366643 | ||
| 020 | _a0077366646 | ||
| 041 | 0 | _aeng | |
| 080 | _a621.837 | ||
| 100 | 1 | _aÇengel, Yunus A. | |
| 245 | 1 | 0 |
_aHeat and mass transfer : _cYunus A. Çengel, Afshin J. Ghajar. |
| 250 | _a4th ed. | ||
| 260 |
_aNew York : _bMcGraw-Hill, _c2011. |
||
| 300 |
_a924 f. : _bme il.; _c27 cm. _e+ 1 DVD-ROM |
||
| 505 | _aIndex: f. 915 - 924 | ||
| 650 | 0 | _aTransmisionet | |
| 700 | 1 |
_aGhajar, Afshin J. _q(Afshin Jahanshahi), _d1951- |
|
| 942 |
_2udc _cBK |
||
| 999 |
_c778 _d778 |
||